[Event "Titled Tuesday intern op 02nd Apr Early"]
[Site "Chess.com INT"]
[Date "2024.04.02"]
[Round "5"]
[White "Schoenfeld, Gabriel"]
[Black "Martinkus, Rolandas"]
[Result "0-1"]
[WhiteElo "1866"]
[BlackElo "2026"]
[PlyCount "40"]
[EventDate "2024.04.02"]
[EventType "swiss (blitz)"]
[EventRounds "11"]
[EventCountry "USA"]
[SourceTitle "CB15_2024"]
[SourceDate "2024.04.10"]
[SourceVersion "1"]
[SourceVersionDate "2024.04.10"]
[SourceQuality "1"]

1. e4 c5 2. Nf3 d6 3. Nc3 Nf6 4. g3 e6 5. Bg2 Nc6 6. 0-0 Be7 7. d3 0-0 8. h3 Bd7 9. Be3 Rc8 10. Nd2 d5 11. exd5 exd5 12. Bf4 d4 13. Nce4 Nxe4 14. Nxe4 Be6 15. Re1 Qd7 16. Ng5 Bxg5 17. Bxg5 Bxh3 18. Qh5 Bxg2 19. Kxg2 Qd5+ 20. Kg1 h6 0-1

[Event "Titled Tuesday intern op 04th Jul Early"]
[Site "Chess.com INT"]
[Date "2023.07.04"]
[Round "9"]
[White "Martinkus, Rolandas"]
[Black "Selkirk, Rebecca"]
[Result "1-0"]
[WhiteElo "1987"]
[BlackElo "1656"]
[PlyCount "77"]
[EventDate "2023.07.04"]
[EventType "swiss (blitz)"]
[EventRounds "11"]
[EventCountry "USA"]
[SourceTitle "EXT 2024"]
[Source "ChessBase"]
[SourceDate "2023.10.10"]
[SourceVersion "1"]
[SourceVersionDate "2023.10.10"]
[SourceQuality "1"]

1. e4 c5 2. c3 e6 3. d4 d5 4. exd5 exd5 5. Nf3 Nc6 6. Bb5 Qb6 7. Bxc6+ bxc6 8. 0-0 Nf6 9. Re1+ Be6 10. Ng5 Kd7 11. Nxe6 fxe6 12. dxc5 Bxc5 13. Qe2 Rae8 14. b4 Bd6 15. Be3 Qc7 16. h3 Rhf8 17. Nd2 Bf4 18. Nf3 Ne4 19. Nd4 Nxc3 20. Qg4 Be5 21. Nb3 Ne4 22. Rad1 Kc8 23. Nc5 Nxc5 24. Bxc5 Rf6 25. Qe2 Bh2+ 26. Kh1 Bd6 27. Qa6+ Kb8 28. Bxd6 Qxd6 29. b5 e5 30. Rb1 c5 31. b6 axb6 32. a4 Re7 33. a5 Rb7 34. Re2 b5 35. Qxd6+ Rxd6 36. Rxe5 c4 37. a6 Rbb6 38. Re8+ Kc7 39. a7 1-0

[Event "Kuressaare EST-LAT-LTU"]
[Site "Kuressaare"]
[Date "2023.06.01"]
[Round "2.4"]
[White "Rychagov, Nikita1111"]
[Black "Martinkus, Rolandas"]
[Result "0-1"]
[WhiteElo "2131"]
[BlackElo "1976"]
[PlyCount "64"]
[EventDate "2023.06.01"]
[EventType "team-tourn"]
[EventRounds "3"]
[EventCountry "EST"]
[SourceTitle "CBM 214 Extra"]
[Source "ChessBase"]
[SourceDate "2023.07.31"]
[SourceVersion "1"]
[SourceVersionDate "2023.07.31"]
[SourceQuality "1"]
[WhiteTeam "Estonia"]
[BlackTeam "Lithuania"]
[WhiteTeamCountry "EST"]
[BlackTeamCountry "LTU"]

1. e4 e5 2. Nf3 Nc6 3. d4 exd4 4. Nxd4 Bb4+ 5. c3 Bc5 6. Be3 Bb6 7. Nf5 Bxe3 8. Nxe3 Nge7 9. Qh5 d6 10. Nd2 Be6 11. Bc4 Qd7 12. 0-0 0-0-0 13. Rad1 g5 14. Bxe6 Qxe6 15. Qxg5 Ne5 16. Nf5 N7c6 17. b3 Rhg8 18. Qe3 d5 19. Ng3 h5 20. exd5 Qxd5 21. Qe4 h4 22. Qxh4 f5 23. Qf4 Rgf8 24. Ne2 Nd3 25. Qe3 Nb2 26. Nf4 Nxd1 27. Rxd1 Qd6 28. g3 Rfe8 29. Qf3 Kb8 30. Ng2 Ne5 31. Qh5 Qc6 32. f4 Rxd2 0-1

[Event "EU-ch 23rd"]
[Site "Vrnjacka Banja"]
[Date "2023.03.08"]
[Round "6"]
[White "Martinkus, Rolandas"]
[Black "Krstic, Milos M"]
[Result "0-1"]
[WhiteElo "1985"]
[BlackElo "2198"]
[PlyCount "58"]
[EventDate "2023.03.03"]
[EventType "swiss"]
[EventRounds "11"]
[EventCountry "SRB"]
[SourceTitle "CBM 213"]
[Source "ChessBase"]
[SourceDate "2023.04.30"]
[SourceVersion "1"]
[SourceVersionDate "2023.04.30"]
[SourceQuality "1"]

1. Nf3 Nf6 2. c4 e6 3. e3 d5 4. Nc3 dxc4 5. Bxc4 c5 6. 0-0 a6 7. a4 Nc6 8. d4 cxd4 9. exd4 Nb4 10. Re1 Be7 11. Bg5 0-0 12. Ne5 b6 13. Qf3 Rb8 14. Rad1 Bb7 15. Qh3 Nfd5 16. Bc1 Rc8 17. Bb3 Bg5 18. f4 Bh4 19. Re2 Bf6 20. Ne4 Rxc1 21. Rxc1 Nxf4 22. Nxf6+ Qxf6 23. Qe3 Nxe2+ 24. Qxe2 Qf4 25. Rc4 Nd5 26. Nd3 Qg5 27. a5 Ne3 28. Rc7 Bxg2 29. h4 Qg3 0-1

[Event "EU-ch 23rd"]
[Site "Vrnjacka Banja"]
[Date "2023.03.05"]
[Round "3"]
[White "Todorovic, Goran N"]
[Black "Martinkus, Rolandas"]
[Result "1/2-1/2"]
[WhiteElo "2296"]
[BlackElo "1985"]
[PlyCount "68"]
[EventDate "2023.03.03"]
[EventType "swiss"]
[EventRounds "11"]
[EventCountry "SRB"]
[SourceTitle "CBM 213"]
[Source "ChessBase"]
[SourceDate "2023.04.30"]
[SourceVersion "1"]
[SourceVersionDate "2023.04.30"]
[SourceQuality "1"]

1. d4 Nf6 2. c4 e6 3. Nc3 d5 4. Bg5 Nbd7 5. e3 c6 6. cxd5 exd5 7. Bd3 Be7 8. Qc2 Nf8 9. Nge2 Ne6 10. Bh4 g6 11. 0-0 Ng7 12. f3 0-0 13. Bf2 b6 14. Rad1 Bb7 15. h3 c5 16. dxc5 Bxc5 17. Qd2 Qe7 18. Rfe1 Rad8 19. a3 Ne4 20. Nxd5 Bxd5 21. fxe4 Bxe4 22. Nd4 Ba8 23. Qe2 Rfe8 24. Bb5 Qe4 25. Qf3 Qe5 26. Bc6 Bd6 27. Bxa8 Rxa8 28. Kf1 Rac8 29. Rd2 Bc5 30. Ne2 Nh5 31. Nc3 Nf6 32. Nd5 Nxd5 33. Qxd5 Qf6 34. Qf3 Qe6 1/2-1/2

[Event "Titled Tuesday intern op 21st Feb Early"]
[Site "Chess.com INT"]
[Date "2023.02.21"]
[Round "5"]
[White "Martinkus, Rolandas"]
[Black "Buscar, Michael"]
[Result "0-1"]
[WhiteElo "1985"]
[BlackElo "2041"]
[PlyCount "106"]
[EventDate "2023.02.21"]
[EventType "swiss (blitz)"]
[EventRounds "11"]
[EventCountry "USA"]
[SourceTitle "CBM 212 Extra"]
[Source "ChessBase"]
[SourceDate "2023.03.31"]
[SourceVersion "1"]
[SourceVersionDate "2023.03.31"]
[SourceQuality "1"]

1. e4 c5 2. c3 Nf6 3. e5 Nd5 4. d4 cxd4 5. cxd4 Nc6 6. Nc3 Nb6 7. Nf3 d5 8. Bb5 Bg4 9. h3 Bh5 10. Be3 Rc8 11. Rc1 a6 12. Bxc6+ Rxc6 13. 0-0 e6 14. Na4 Bxf3 15. gxf3 Rxc1 16. Bxc1 Be7 17. Qb3 Nxa4 18. Qxa4+ Qd7 19. Qxd7+ Kxd7 20. Be3 Rc8 21. Rc1 Rxc1+ 22. Bxc1 Kc6 23. Kf1 Kb5 24. Ke2 Kc4 25. Ke3 Bg5+ 26. f4 Bd8 27. Bd2 Bb6 28. b3+ Kb5 29. Kd3 Bd8 30. Ke3 f5 31. a4+ Kc6 32. Bb4 g6 33. Bf8 Ba5 34. Kd3 Be1 35. Ke2 Bc3 36. Kd3 Bb2 37. Bh6 b5 38. Bf8 Kb6 39. Bc5+ Ka5 40. axb5 Kxb5 41. Kc2 Ba1 42. f3 a5 43. Ba7 a4 44. bxa4+ Kxa4 45. Bc5 Kb5 46. Ba7 Kc4 47. Bb8 Bxd4 48. Kd2 Bc3+ 49. Ke2 d4 50. h4 d3+ 51. Ke3 Bd4+ 52. Kd2 Bf2 53. h5 gxh5 0-1

[Event "Titled Tuesday intern op 21st Feb Early"]
[Site "Chess.com INT"]
[Date "2023.02.21"]
[Round "6"]
[White "Sabar, Ethmane Daouda"]
[Black "Martinkus, Rolandas"]
[Result "1-0"]
[WhiteElo "2040"]
[BlackElo "1985"]
[PlyCount "47"]
[EventDate "2023.02.21"]
[EventType "swiss (blitz)"]
[EventRounds "11"]
[EventCountry "USA"]
[SourceTitle "CBM 212 Extra"]
[Source "ChessBase"]
[SourceDate "2023.03.31"]
[SourceVersion "1"]
[SourceVersionDate "2023.03.31"]
[SourceQuality "1"]

1. b3 e5 2. Bb2 Nc6 3. e3 Nf6 4. Bb5 d6 5. d4 exd4 6. Qxd4 Bd7 7. Bxc6 Bxc6 8. Nf3 Bxf3 9. gxf3 Be7 10. Rg1 0-0 11. Nd2 c5 12. Qh4 Ne8 13. Qh6 Bf6 14. Bxf6 Qxf6 15. Qxf6 Nxf6 16. 0-0-0 d5 17. e4 Rfe8 18. exd5 Nxd5 19. Ne4 Nf4 20. Nf6+ Kf8 21. Nxe8 Ne2+ 22. Kb2 Nxg1 23. Nc7 Nxf3 24. Nxa8 1-0

[Event "Titled Tuesday intern op 21st Feb Early"]
[Site "Chess.com INT"]
[Date "2023.02.21"]
[Round "3"]
[White "Shubenkova, Veronika"]
[Black "Martinkus, Rolandas"]
[Result "1-0"]
[WhiteElo "2002"]
[BlackElo "1985"]
[PlyCount "77"]
[EventDate "2023.02.21"]
[EventType "swiss (blitz)"]
[EventRounds "11"]
[EventCountry "USA"]
[SourceTitle "CBM 212 Extra"]
[Source "ChessBase"]
[SourceDate "2023.03.31"]
[SourceVersion "1"]
[SourceVersionDate "2023.03.31"]
[SourceQuality "1"]

1. e4 c5 2. Nc3 d6 3. g3 Nc6 4. Bg2 Nf6 5. d3 e6 6. f4 Be7 7. Nf3 0-0 8. 0-0 d5 9. e5 Nd7 10. Bd2 Nb6 11. Rb1 c4 12. d4 Bd7 13. Be3 Rc8 14. Ne2 Nb4 15. a3 Nc6 16. c3 Na5 17. g4 Nb3 18. Ng3 Ba4 19. Qe2 f5 20. exf6 Bxf6 21. g5 Be7 22. Bh3 Bd7 23. Rbe1 Re8 24. Ne5 Bd6 25. Bf2 Bxe5 26. dxe5 Nc5 27. Bxc5 Rxc5 28. Qf2 Rb5 29. Rd1 Qc7 30. Kh1 Bc6 31. Rd4 Na4 32. f5 Rxb2 33. Qf4 Nc5 34. fxe6 Qd8 35. Qf7+ Kh8 36. e7 Qb8 37. Qf8+ Rxf8 38. Rxf8+ Qxf8 39. exf8Q# 1-0

[Event "Titled Tuesday intern op 03rd Jan Early"]
[Site "Chess.com INT"]
[Date "2023.01.03"]
[Round "11"]
[White "Fernandez, Gerardo"]
[Black "Martinkus, Rolandas"]
[Result "0-1"]
[WhiteElo "2169"]
[BlackElo "1985"]
[PlyCount "100"]
[EventDate "2023.01.03"]
[EventType "swiss (blitz)"]
[EventRounds "11"]
[EventCountry "USA"]
[SourceTitle "EXT 2024"]
[Source "ChessBase"]
[SourceDate "2023.10.10"]
[SourceVersion "1"]
[SourceVersionDate "2023.10.10"]
[SourceQuality "1"]

1. e4 c5 2. d3 d5 3. Nd2 Nc6 4. g3 e6 5. Bg2 Nf6 6. Ngf3 Bd6 7. 0-0 0-0 8. Re1 Qc7 9. Qe2 dxe4 10. dxe4 e5 11. c3 Bg4 12. h3 Bh5 13. g4 Bg6 14. Nh4 Rad8 15. Nc4 Be7 16. Nf5 Bxf5 17. exf5 Rfe8 18. Bg5 h6 19. Bxc6 bxc6 20. Bxf6 Bxf6 21. Rad1 e4 22. Rxd8 Qxd8 23. Rd1 Qb8 24. Nd6 Rd8 25. Nxe4 Rxd1+ 26. Qxd1 Qxb2 27. Nxf6+ gxf6 28. Qb3 Qc1+ 29. Kg2 Qf4 30. Qc2 h5 31. Qe2 h4 32. Qf3 Qa4 33. Qe2 Kg7 34. Kg1 Qa3 35. Qd2 c4 36. Kg2 Qc5 37. g5 Qxf5 38. gxf6+ Qxf6 39. Kh2 Qe5+ 40. Kg1 Kg6 41. f4 Qc5+ 42. Kh2 Kg7 43. Qg2+ Kf8 44. Qg4 Qd6 45. Qxh4 Qd2+ 46. Kg3 Qxc3+ 47. Kg4 Qg7+ 48. Kf3 Qc3+ 49. Kg4 Qd3 50. Kg5 Qg6# 0-1

[Event "Titled Tuesday intern op 03rd Jan Early"]
[Site "Chess.com INT"]
[Date "2023.01.03"]
[Round "1"]
[White "Martinkus, Rolandas"]
[Black "Keleberda, Timur"]
[Result "0-1"]
[WhiteElo "1985"]
[BlackElo "2282"]
[PlyCount "126"]
[EventDate "2023.01.03"]
[EventType "swiss (blitz)"]
[EventRounds "11"]
[EventCountry "USA"]
[SourceTitle "EXT 2024"]
[Source "ChessBase"]
[SourceDate "2023.10.10"]
[SourceVersion "1"]
[SourceVersionDate "2023.10.10"]
[SourceQuality "1"]

1. e4 c5 2. c3 d5 3. exd5 Qxd5 4. d4 Nc6 5. Nf3 cxd4 6. cxd4 e5 7. Nc3 Bb4 8. Bd2 Bxc3 9. Bxc3 e4 10. Ne5 Nxe5 11. dxe5 Ne7 12. Qxd5 Nxd5 13. Bb5+ Bd7 14. Bxd7+ Kxd7 15. 0-0-0 Ke6 16. Bd4 b6 17. Rhe1 Rac8+ 18. Kb1 Kf5 19. f3 exf3 20. gxf3 Rhd8 21. Re4 Nf4 22. Rg1 Ne6 23. Bc3 Rd3 24. Rh4 h6 25. Rf1 Nf4 26. Kc2 Rcd8 27. Rg4 g5 28. h4 gxh4 29. Rxh4 h5 30. Rh2 b5 31. a3 R3d5 32. Rhh1 Rd3 33. Rf2 R8d5 34. Bd2 Kxe5 35. Bxf4+ Kxf4 36. Rxh5 Rxh5 37. Kxd3 Kg3 38. Rf1 Kg2 39. Rc1 Rf5 40. Rc7 a5 41. Ke4 Rxf3 42. Rc5 Rb3 43. Rg5+ Kf2 44. Rf5+ Ke2 45. Rxf7 Rxb2 46. Ra7 a4 47. Kd4 Kd2 48. Kc5 Kc3 49. Rb7 Kb3 50. Rxb5+ Kxa3 51. Ra5 Rc2+ 52. Kd4 Rc6 53. Ra8 Kb3 54. Kd5 Rc7 55. Rb8+ Ka2 56. Ra8 a3 57. Rb8 Ka1 58. Kd4 Rc2 59. Kd3 Rb2 60. Ra8 a2 61. Rh8 Rb1 62. Kc3 Rc1+ 63. Kb3 Kb1 0-1

[Event "Titled Tuesday intern op 03rd Jan Early"]
[Site "Chess.com INT"]
[Date "2023.01.03"]
[Round "8"]
[White "Martinkus, Rolandas"]
[Black "Tarnowska, Aleksandra"]
[Result "1-0"]
[WhiteElo "1985"]
[BlackElo "1835"]
[PlyCount "107"]
[EventDate "2023.01.03"]
[EventType "swiss (blitz)"]
[EventRounds "11"]
[EventCountry "USA"]
[SourceTitle "EXT 2024"]
[Source "ChessBase"]
[SourceDate "2023.10.10"]
[SourceVersion "1"]
[SourceVersionDate "2023.10.10"]
[SourceQuality "1"]

1. e4 c5 2. c3 d5 3. exd5 Qxd5 4. d4 e6 5. Nf3 Nf6 6. Be2 Be7 7. 0-0 Kf8 8. Be3 cxd4 9. cxd4 Nc6 10. Nc3 Qd6 11. Bb5 a6 12. Bxc6 bxc6 13. Ne5 Bb7 14. Bf4 Qb4 15. a3 Qb6 16. Na4 Qd8 17. Nc5 Bxc5 18. dxc5 Qxd1 19. Raxd1 Ke7 20. Nc4 Nd5 21. Bd6+ Ke8 22. Be5 Bc8 23. Nd6+ Ke7 24. Bxg7 Rg8 25. Be5 f6 26. Bg3 e5 27. Rfe1 Be6 28. b4 Rg6 29. Nc4 Rag8 30. Ne3 h5 31. Nxd5+ cxd5 32. h4 Kd7 33. Re3 Kc6 34. Kh2 Rb8 35. f4 e4 36. f5 Bxf5 37. Bxb8 Bg4 38. Rf1 f5 39. Bf4 Rg8 40. Bg5 Rc8 41. Kg3 Kb5 42. Kf4 Kc6 43. Ke5 Re8+ 44. Kd4 Rc8 45. a4 Rb8 46. Rb1 a5 47. b5+ Kd7 48. c6+ Kd6 49. Bf4+ Ke7 50. Bxb8 Ke6 51. c7 Kf6 52. c8Q Kf7 53. Qd7+ Kg6 54. Be5 1-0

[Event "Titled Tuesday intern op 20th Dec Early"]
[Site "Chess.com INT"]
[Date "2022.12.20"]
[Round "9"]
[White "Martinkus, Rolandas"]
[Black "Delorme, Axel"]
[Result "0-1"]
[WhiteElo "1985"]
[BlackElo "2470"]
[PlyCount "94"]
[EventDate "2022.12.20"]
[EventType "swiss (blitz)"]
[EventRounds "11"]
[EventCountry "USA"]
[SourceTitle "EXT 2024"]
[Source "ChessBase"]
[SourceDate "2023.10.10"]
[SourceVersion "1"]
[SourceVersionDate "2023.10.10"]
[SourceQuality "1"]

1. e4 c5 2. c3 d5 3. exd5 Qxd5 4. d4 e6 5. Nf3 Nf6 6. Be2 Be7 7. 0-0 0-0 8. Be3 cxd4 9. cxd4 Nc6 10. Nc3 Qd8 11. Ne5 Nb4 12. Bd3 Nxd3 13. Qxd3 Nd5 14. f4 b6 15. f5 Nxc3 16. bxc3 exf5 17. Rae1 Bd6 18. Bf4 Qc7 19. Bg3 f6 20. Nc4 Bxg3 21. hxg3 Ba6 22. Qxf5 Bxc4 23. Rf4 Rae8 24. Rfe4 Rxe4 25. Qxe4 Bf7 26. Kh2 Re8 27. Qb1 Rxe1 28. Qxe1 h5 29. Qe4 Qd6 30. Qa8+ Kh7 31. Qe4+ Bg6 32. Qh4 b5 33. Kg1 a5 34. g4 Qd5 35. gxh5 Qxh5 36. Qe1 Qd5 37. Qh4+ Kg8 38. Qe1 Kf7 39. Qg3 Qd7 40. Qe3 Bf5 41. Qf4 g5 42. Qe3 Be6 43. Qf3 Bd5 44. Qh5+ Kg7 45. Qe2 Qe6 46. Qd3 Qe4 47. Qxb5 Qxg2# 0-1

[Event "EU-ch Rapid"]
[Site "Katowice"]
[Date "2022.12.18"]
[Round "10"]
[White "Mitusov, Semen"]
[Black "Martinkus, Rolandas"]
[Result "1-0"]
[WhiteElo "2397"]
[BlackElo "1985"]
[PlyCount "85"]
[EventDate "2022.12.17"]
[EventType "swiss (rapid)"]
[EventRounds "11"]
[EventCountry "POL"]
[SourceTitle "CBM 211 Extra"]
[Source "ChessBase"]
[SourceDate "2023.01.31"]
[SourceVersion "1"]
[SourceVersionDate "2023.01.31"]
[SourceQuality "1"]

1. e4 e5 2. Nf3 Nc6 3. Bb5 a6 4. Ba4 Nf6 5. 0-0 Nxe4 6. d4 b5 7. Bb3 d5 8. dxe5 Be6 9. c3 Bc5 10. Nbd2 0-0 11. Bc2 Nxf2 12. Rxf2 f6 13. exf6 Qxf6 14. Qf1 Bxf2+ 15. Qxf2 Rae8 16. Qg3 Bf5 17. Bb3 Kh8 18. Nf1 Be4 19. Bg5 Qg6 20. N1d2 Na5 21. Rf1 Nxb3 22. axb3 Bd3 23. Re1 Qb6+ 24. Kh1 Rxe1+ 25. Qxe1 Qg6 26. h3 Be4 27. Bh4 h6 28. Nxe4 dxe4 29. Nd2 Re8 30. Bf2 e3 31. Bxe3 Qc2 32. Qg3 Qd3 33. Bf4 Qxg3 34. Bxg3 Re2 35. Nf3 c5 36. b4 cxb4 37. cxb4 Rxb2 38. Bd6 Ra2 39. Bc7 Kg8 40. Ne5 Kf8 41. Nd7+ Ke7 42. Nb8 Rc2 43. Ba5 1-0

[Event "EU-ch Rapid"]
[Site "Katowice"]
[Date "2022.12.17"]
[Round "2"]
[White "Yuffa, Daniil"]
[Black "Martinkus, Rolandas"]
[Result "1-0"]
[WhiteElo "2587"]
[BlackElo "1985"]
[PlyCount "45"]
[EventDate "2022.12.17"]
[EventType "swiss (rapid)"]
[EventRounds "11"]
[EventCountry "POL"]
[SourceTitle "CBM 211 Extra"]
[Source "ChessBase"]
[SourceDate "2023.01.31"]
[SourceVersion "1"]
[SourceVersionDate "2023.01.31"]
[SourceQuality "1"]

1. e4 e5 2. Nf3 Nc6 3. Bb5 a6 4. Ba4 Nf6 5. d3 d6 6. c3 Be7 7. 0-0 0-0 8. Re1 h6 9. Nbd2 Nh7 10. d4 b5 11. Bb3 Bf6 12. Bd5 Bd7 13. dxe5 dxe5 14. Nb3 Qe7 15. Be3 Rfd8 16. Nc5 Ng5 17. Nxd7 Qxd7 18. Nxg5 Bxg5 19. Bxg5 hxg5 20. Qh5 g4 21. h3 Rab8 22. hxg4 Na5 23. Re3 1-0

[Event "Titled Tuesday intern op 13th Dec Early"]
[Site "Chess.com INT"]
[Date "2022.12.13"]
[Round "7"]
[White "Hon, Eric"]
[Black "Martinkus, Rolandas"]
[Result "1-0"]
[WhiteElo "1866"]
[BlackElo "1985"]
[PlyCount "93"]
[EventDate "2022.12.13"]
[EventType "swiss (blitz)"]
[EventRounds "11"]
[EventCountry "USA"]
[SourceTitle "EXT 2024"]
[Source "ChessBase"]
[SourceDate "2023.10.10"]
[SourceVersion "1"]
[SourceVersionDate "2023.10.10"]
[SourceQuality "1"]

1. e4 c5 2. Nf3 d6 3. d4 cxd4 4. Nxd4 Nf6 5. Nc3 a6 6. Be3 e5 7. Nde2 Be7 8. h3 0-0 9. g4 Ne8 10. Bg2 Nc6 11. 0-0 Be6 12. Nd5 Nc7 13. Nb6 Rb8 14. c4 Na8 15. Nd5 Nc7 16. Rc1 h6 17. Bb6 Rc8 18. Nxc7 Rxc7 19. b3 Qd7 20. Bxc7 Qxc7 21. Nc3 Bg5 22. Rb1 Nd4 23. Ne2 Nc6 24. Qd3 Ne7 25. Rfd1 Rd8 26. Nc3 Ng6 27. Ne2 Nh4 28. Rb2 Qe7 29. c5 dxc5 30. Qxd8+ Qxd8 31. Rxd8+ Bxd8 32. Rd2 Ba5 33. Rc2 Bb4 34. Nc3 Ng6 35. Na4 Nf4 36. Nxc5 Bxc5 37. Rxc5 Nd3 38. Rc7 b5 39. Ra7 Nc5 40. b4 Na4 41. a3 Bc4 42. Rxa6 Nc3 43. Bf1 Nxe4 44. Bxc4 bxc4 45. Rc6 c3 46. b5 Kf8 47. b6 1-0